Optimizing the transport of porcine semen: a proposal for Brazil (Registro n. 329560)
[ somente texto ]
| 000 -LÍDER | |
|---|---|
| fixed length control field | 05231nab a2200337 i 4500 |
| 003 - CÓDIGO MARC DA AGÊNCIA CATALOGADORA | |
| Campo de controle | BR-BrBNA |
| 005 - DATA E HORA DA ÚLTIMA ATUALIZAÇÃO | |
| Campo de controle | 20250113103529.0 |
| 008 - CAMPO DE TAMANHO FIXO | |
| fixed length control field | 250113b2016 bl.|r|pooa||| 00| 0 eng | |
| 040 ## - FONTE DA CATALOGAÇÃO | |
| Agência catalogadora | BR-BrBNA |
| Idioma da catalogação | eng |
| 072 ## - CATEGORIA AGRIS | |
| Código AGRIS | L53 |
| Código do objeto | 5300 |
| 100 ## - ENTRADA PRINCIPAL - NOME PESSOAL | |
| Nome pessoal | Silva, C.L.Á. |
| 100 ## - ENTRADA PRINCIPAL - NOME PESSOAL | |
| Nome pessoal | Filho, J.M. Silva |
| 100 ## - ENTRADA PRINCIPAL - NOME PESSOAL | |
| Nome pessoal | Palhares, M.S. |
| 100 ## - ENTRADA PRINCIPAL - NOME PESSOAL | |
| Nome pessoal | Machado, G.S. |
| 100 ## - ENTRADA PRINCIPAL - NOME PESSOAL | |
| Nome pessoal | Moraes, M.P. |
| 100 ## - ENTRADA PRINCIPAL - NOME PESSOAL | |
| Nome pessoal | Rocha, N.M. |
| 100 ## - ENTRADA PRINCIPAL - NOME PESSOAL | |
| Nome pessoal | Carvalho, L.E. |
| 100 ## - ENTRADA PRINCIPAL - NOME PESSOAL | |
| Nome pessoal | Rossi, R. |
| 245 ## - TÍTULO PRINCIPAL | |
| Título principal | Optimizing the transport of porcine semen: a proposal for Brazil |
| 500 ## - NOTA GERAL | |
| Nota geral | <br/><br/>Publicação online; 22 ref.; 3 tables; Summaries (En, Pt) |
| 942 ## - ADDED ENTRY ELEMENTS (KOHA) | |
| Koha item type | Analítica |
| 520 ## - NOTA DE RESUMO | |
| Nota de conteúdo | <br/><br/><br/>ABSTRACT - Semen from the first 15mL of the ejaculate (P1) obtained from two boars (30mL) was diluted in glycineegg yolk extender, cooled at 5°C in a special container and rediluted in standard doses of 3x109 mobile spermatozoa after 12h of storage. Semen was also stored up to 24h after redilution. The physical characteristics of the semen were evaluated at different storage periods (fresh, 0h, 12h, rediluted, 24h, and 36h). The reproductive performance of the boars and their fertility regarding the insemination of primiparous sows were also determined. Two treatments were used: T1-15B sows inseminated with semen originated from hyperconcentrated heterospermic doses (15x109 mobile spermatozoa per dose), rediluted after 12h of storage at 5°C for standard doses of 3x109 mobile spermatozoa per dose and stored at 5°C up to 24h after redilution (n=10); T2-3B sows inseminated with standard heterospermic doses (3x109 mobile spermatozoa per dose), stored at 5°C up to 36h after semen collection (n=10). There was no effect (P>0.05) of treatments on the spermatic motility, even though a pronounced decrease (P>0.05) of their values at 12h of storage was recorded. However, they remained higher than 70% until 36h. There was effect of treatments on spermatic vigour at 0h (P<0.05), when T1-15B vigour was higher. There was also effect of the storage period for both treatments with a progressive decrease throughout 36h of storage, although the differences were not always significant. Pregnancy rates (90%) and the number of total farrowed piglets (15, 11-T1-15B; 13, 44- T2-3B) did not differ (P>0.05) between the treatments. It was concluded that the semen hyperconcentration of 15 billion of mobile spermatozoa per dose, stored at 5°C for 12h, did not result in drawbacks considering the physical characteristics of the semen, maintaining the pregnancy rates and prolificacy of the inseminated sows.<br/><br/><br/>Keywords: swine, fractioned collection, cooling, transport |
| 520 ## - NOTA DE RESUMO | |
| Nota de conteúdo | <br/><br/><br/>RESUMO - Os primeiros 15mL do ejaculado (P1) de dois varrões foram coletados (30mL) e diluídos em diluidor glicina-gema de ovo, resfriados a 5°C em contêiner especial e rediluídos para doses padrão de 3x109 espermatozoides (sptz) móveis, após 12 horas de armazenamento. Além disso, foram armazenados por até 24 horas após a rediluição, sendo as características físicas avaliadas em diferentes períodos de estocagem (fresco, zero hora, 12h, Red12h, 24h e 36h) e a fertilidade avaliada por meio de fêmeas primíparas inseminadas. Foram realizados dois tratamentos: T1-15B: porcas inseminadas com sêmen de doses heterospérmicas hiperconcentradas (15x109 sptz móveis/dose), rediluídas após 12 horas de armazenamento a 5°C para doses padrão de 3x109 sptz móveis/dose, e armazenadas a 5°C por até 24 horas após a rediluição (n=10); T2-3B: porcas inseminadas com doses heterospérmicas padrão (3x109 sptz móveis/dose), armazenadas a 5°C por até 36 horas após coleta. Não houve efeito (P>0.05) dos tratamentos sobre a motilidade espermática e, embora tenha ocorrido queda (P<0.05) às 12 horas, a motilidade foi superior a 70% durante as 36 horas de armazenamento. Houve efeito (P<0.05) dos tratamentos no tempo zero hora quanto ao vigor espermático, sendo E1T1-15B superior. Além disso, houve efeito do período de estocagem para os dois tratamentos, com queda progressiva do vigor ao longo das 36 horas, embora nem sempre as diferenças tenham sido significativas. As taxas de gestação (90%) e o número total de leitões nascidos (15, 11 – T1-15B; 13, 44 – T2-3B) não diferiram (P>0.05) entre os tratamentos. Concluiu-se que a hiperconcentração do sêmen para 15x109 sptz móveis/dose, armazenado a 5°C por 12 horas não resultou em prejuízos quanto à manutenção das características físicas do sêmen e ao desempenho reprodutivo dos varrões, sendo capaz de manter a taxa de gestação e a<br/>prolificidade das fêmeas inseminadas.<br/><br/><br/>Palavras-chave: suíno, coleta fracionada, resfriamento de sêmen, transporte de sêmen |
| 650 ## - ASSUNTO - THESAGRO | |
| Cabeçalho tópico ou nome geográfico | SUÍNO |
| 650 ## - ASSUNTO - THESAGRO | |
| Cabeçalho tópico ou nome geográfico | REPRODUÇÃO ANMAL |
| 650 ## - ASSUNTO - THESAGRO | |
| Cabeçalho tópico ou nome geográfico | SÊMEN |
| 650 ## - ASSUNTO - THESAGRO | |
| Cabeçalho tópico ou nome geográfico | RESFRIAMENTO |
| 773 0# - ENTRADA ANALÍTICA | |
| Host Biblionumber | 1643 |
| Registro do item | 347390 |
| Imprenta | Belo Horizonte-MG Universidade Federal de Minas Gerais - Escola de Veterinaria 1983 |
| Outro identificador | 2024-8403 |
| Título | Arquivo Brasileiro de Medicina Veterinária e Zootecnia (Brazil) |
| ISSN | 0102-0935 |
| Colação | v. 68(2) p. 327-335; (2016) |
| Número de controle de registro | BR2024004366 |
| 856 ## - ACESSO E ENDEREÇO ELETRÔNICO | |
| Identificador uniforme de recurso - URI | https://www.scielo.br/j/abmvz/a/M67S5jJLngbn7nx75GfMswd/?format=pdf&lang=en |
Nenhum exemplar disponível.

BINAGRI